00586nam a2200169Ia 4500003000900000008004100009040001600050080002500066110003300091245013500124260005000259300000900309500002800318650003100346650001800377650002100395IN-BaIIA211028s9999 xx 000 0 eng d cIIA Library a083.7:69.003.12bISI aIndian Standards Institution 0aIndian standard method of measurement of building and civil engineering worksbpt. 2, concrete workscIndian Standards Institution aNew DelhibIndian Standards Institutionc1975 a13p. aIS 1200 : Part 2 : 1974 a Concrete Works-Standards a Standards  aNASA Thesaurus